Phân lập, định danh và khảo sát khả năng phòng trừ bệnh cháy bìa lá lúa của vi khuẩn trong đất thành phố Cần Thơ và tỉnh Hậu Giang : Luận văn tốt nghiệp Cao học. Chuyên ngành Công nghệ sinh học
Đề tài phân lập và định danh các chủng vi khuẩn đối kháng có khả năng làm giảm bệnh cháy bìa lá lúa.
Đã lưu trong:
| Hovedforfatter: | |
|---|---|
| Format: | Bog |
| Sprog: | Undetermined |
| Udgivet: |
Cần Thơ
Trường Đại học Cần Thơ
2014
|
| Fag: | |
| Tags: |
Tilføj Tag
Ingen Tags, Vær først til at tagge denne postø!
|
| Thư viện lưu trữ: | Trung tâm Học liệu Trường Đại học Cần Thơ |
|---|
| LEADER | 01087nam a2200217Ia 4500 | ||
|---|---|---|---|
| 001 | CTU_197792 | ||
| 008 | 210402s9999 xx 000 0 und d | ||
| 082 | |a 579.3 | ||
| 082 | |b Gi111 | ||
| 088 | |a 60420201 | ||
| 100 | |a Nguyễn, Đặng Ngọc Giàu | ||
| 245 | 0 | |a Phân lập, định danh và khảo sát khả năng phòng trừ bệnh cháy bìa lá lúa của vi khuẩn trong đất thành phố Cần Thơ và tỉnh Hậu Giang : | |
| 245 | 0 | |b Luận văn tốt nghiệp Cao học. Chuyên ngành Công nghệ sinh học | |
| 245 | 0 | |c Nguyễn Đặng Ngọc Giàu ; Nguyễn Đắc Khoa (Cán bộ hướng dẫn) | |
| 260 | |a Cần Thơ | ||
| 260 | |b Trường Đại học Cần Thơ | ||
| 260 | |c 2014 | ||
| 520 | |a Đề tài phân lập và định danh các chủng vi khuẩn đối kháng có khả năng làm giảm bệnh cháy bìa lá lúa. | ||
| 650 | |a Microbiology,Vi sinh vật | ||
| 910 | |a Hải | ||
| 980 | |a Trung tâm Học liệu Trường Đại học Cần Thơ | ||